[Event "US op 91st"]
[Site "Jacksonville"]
[Date "1990.??.??"]
[Round "?"]
[White "Kamsky, Gata"]
[Black "McCambridge, Vincent"]
[Result "1-0"]
[WhiteElo "2510"]
[BlackElo "2480"]
[PlyCount "53"]
[EventDate "1990.08.05"]
[EventType "swiss"]
[EventRounds "12"]
[EventCountry "USA"]
[SourceTitle "EXT 1997"]
[Source "ChessBase"]
[SourceDate "1996.11.15"]
[SourceVersion "1"]
[SourceVersionDate "1996.11.15"]
[SourceQuality "1"]

1. d4 e6 2. c4 Bb4+ 3. Nd2 b6 4. Ngf3 Bb7 5. a3 Bxd2+ 6. Bxd2 Nf6 7. g3 d6 8.
Bg2 O-O 9. O-O Nbd7 10. b4 Qe7 11. Qc2 c5 12. dxc5 dxc5 13. b5 e5 14. Bc3 e4
15. Ng5 h6 16. Nh3 Qe6 17. Bb2 Ne5 18. Qc3 Rfe8 19. Rac1 Rad8 20. Nf4 Qd6 21.
Qb3 Qe7 22. Rcd1 Kh7 23. Qc3 Rd7 24. Bh3 Rxd1 25. Rxd1 Kg8 26. Ng2 Neg4 27.
Bxg4 1-0

[Event "Tilburg"]
[Site "Tilburg"]
[Date "1990.09.07"]
[Round "1"]
[White "Kamsky, Gata"]
[Black "Gelfand, Boris"]
[Result "1-0"]
[WhiteElo "2650"]
[BlackElo "2680"]
[Annotator "Meleghegyi"]
[PlyCount "63"]
[EventDate "1990.09.??"]
[EventType "tourn"]
[EventRounds "14"]
[EventCountry "NED"]
[EventCategory "16"]
[SourceTitle "CBM 020"]
[Source "ChessBase"]
[SourceDate "1991.02.01"]
[SourceVersion "1"]
[SourceVersionDate "1991.02.01"]
[SourceQuality "1"]

1. e4 c5 2. Nf3 d6 3. d4 cxd4 4. Nxd4 Nf6 5. Nc3 a6 6. g3 e5 7. Nde2 (7. Nb3
Nbd7 8. a4 b6 9. Bg2 Bb7 10. Nd2 $5 Rc8 11. O-O Be7 12. Re1 Rc5 $5 13. Nf1 Qa8
14. Ne3 $5 {Popovic,P-King,D/Palma de Mallorca GMA-qual/1989/0-1/37/}) 7... Be7
8. Bg2 b5 (8... Nbd7 9. a4 b6 10. h3 Bb7 11. g4 Nc5 12. Ng3 O-O $1 13. O-O Rc8
$1) 9. O-O {9.Bg5} Nbd7 10. h3 Bb7 11. g4 b4 12. Nd5 Nxd5 13. exd5 a5 14. Ng3
g6 $6 15. Bh6 Bg5 16. Ne4 $1 Bxh6 $6 (16... Be7 17. f4 exf4 18. Qd4 Qb6 19.
Qxb6 Nxb6 20. Rae1 $1 O-O-O 21. c4 $16) 17. Nxd6+ Kf8 18. Nxb7 Qb6 19. d6 Bf4 (
19... Kg7 $2 20. g5 $1 Bxg5 21. Qg4 $1 $18) 20. c4 $1 Rb8 21. Qd5 Nf6 22. Qf3 {
22.Qc6} g5 {22...Kg7} 23. c5 Qa6 24. Rfe1 h5 25. gxh5 Rxh5 26. Qe2 Qa7 27. d7
$1 e4 28. Bxe4 Rxh3 29. Bg2 Rh2 30. d8=Q+ Rxd8 31. Qe7+ Kg7 32. Nxd8 1-0

[Event "Tilburg"]
[Site "Tilburg"]
[Date "1990.09.10"]
[Round "4"]
[White "Kamsky, Gata"]
[Black "Nikolic, Predrag"]
[Result "1-0"]
[WhiteElo "2650"]
[BlackElo "2600"]
[Annotator "King,D"]
[PlyCount "59"]
[EventDate "1990.09.??"]
[EventType "tourn"]
[EventRounds "14"]
[EventCountry "NED"]
[EventCategory "16"]
[SourceTitle "CBM 020"]
[Source "ChessBase"]
[SourceDate "1991.02.01"]
[SourceVersion "1"]
[SourceVersionDate "1991.02.01"]
[SourceQuality "1"]

1. e4 d6 2. d4 Nf6 3. Bd3 e5 4. c3 Nc6 (4... d5) 5. Nf3 Be7 (5... Bg4) 6. O-O
O-O 7. d5 Nb8 8. c4 Bg4 9. Nc3 Ne8 10. a3 a5 11. Rb1 Bxf3 12. Qxf3 Bg5 13. b4
Bxc1 14. Rfxc1 Nd7 15. Qe3 Nef6 16. h3 Qe7 17. Be2 g6 18. Bd1 Rfc8 19. Na4 axb4
20. axb4 c5 21. bxc5 Nxc5 22. Nb6 Nfxe4 23. Nxc8 Rxc8 24. Bf3 Ng5 25. Bd1 f5
26. f4 Nf7 27. Bc2 Qf6 28. Re1 Rf8 29. Rb6 exf4 30. Qxc5 {1.27-1.27} 1-0

[Event "Tilburg"]
[Site "Tilburg"]
[Date "1990.09.12"]
[Round "5"]
[White "Timman, Jan H"]
[Black "Kamsky, Gata"]
[Result "0-1"]
[WhiteElo "2660"]
[BlackElo "2650"]
[Annotator "King,D"]
[PlyCount "150"]
[EventDate "1990.09.??"]
[EventType "tourn"]
[EventRounds "14"]
[EventCountry "NED"]
[EventCategory "16"]
[SourceTitle "CBM 020"]
[Source "ChessBase"]
[SourceDate "1991.02.01"]
[SourceVersion "1"]
[SourceVersionDate "1991.02.01"]
[SourceQuality "1"]

1. e4 c6 2. d4 d5 3. e5 Bf5 4. Nc3 Qb6 5. g4 {5.Na4} Bd7 (5... Bc8 6. Bg2 e6 7.
Nge2 c5 8. dxc5 Bxc5 9. O-O $16 Bd7 10. Nf4 Qc7 11. Re1 Ne7 12. Nh5 Kf8 13. Bf4
$16 {Sveshnikov-Panchenko/Moscow/1983/1-0/ /}) 6. Na4 (6. Bg2 $5 e6 7. Nge2 c5
8. O-O $14) 6... Qc7 (6... Qa5+ 7. c3 e6 8. b4 $16 {Kasparov}) 7. Be3 (7. Nc5
e6 8. Nxd7 {Nd3!?} Nxd7 9. f4 c5 10. c3 Ne7 11. Nf3 h5 {Velimirovic-Kasparov/
Moscow/1982/0-1/ /} 12. gxh5 $1 Rxh5 13. dxc5 $1 {/\ Nf3-d4}) 7... e6 (7... h5
$1) 8. Bg2 Ne7 9. f4 Na6 $1 10. Nf3 h5 $5 11. h3 Ng6 12. Nc3 Be7 13. Qe2 Nh4
14. Nxh4 Bxh4+ 15. Bf2 Bxf2+ 16. Qxf2 hxg4 17. hxg4 O-O-O 18. O-O-O c5 $1 19.
Kb1 Kb8 20. a3 $14 {20.Ne2} Qb6 $1 21. dxc5 Nxc5 22. Qd4 (22. Rxh8 Rxh8 23.
Bxd5 $2 exd5 24. Rxd5 Rh1+ 25. Ka2 Be6) 22... Bc6 23. Bf3 $6 (23. f5 $1 Nd7 $1
24. Qf4 Qc7 $6 {24...Rxh1} 25. Rhe1) 23... Nd7 24. Ne2 Qxd4 25. Nxd4 g5 $1 26.
fxg5 Nxe5 27. Rhe1 Ng6 28. c4 Rhg8 $1 29. Re3 Ne7 30. Nxc6+ (30. Re5 dxc4 31.
Bxc6 bxc6 $1) 30... bxc6 31. cxd5 cxd5 32. Rc1 $1 Rd7 $1 33. Be2 Rxg5 34. Ba6
Rd6 35. Be2 Rc6 36. Rf1 Rg7 37. Ref3 f5 38. gxf5 Nxf5 39. Bd3 Nd6 40. Re3 Re7
41. Rfe1 Ne8 42. Re5 Nc7 43. Bf5 Kc8 44. Bg4 Kd7 45. Rg5 Kd6 46. Rg8 Rc4 47.
Re3 Rf7 48. Bh3 Rcf4 49. Rd8+ Ke7 50. Rc8 Kd7 51. Rxc7+ Kxc7 52. Bxe6 Re7 53.
Rc3+ Kd6 54. Bh3 Re1+ 55. Ka2 Rh1 56. Bc8 Rh7 57. Ba6 d4 58. Rg3 Re7 59. Rg8
Ke5 60. Rg3 Rf2 61. Kb3 Kf4 62. Rg8 Ke3 63. Kc4 Rf3 64. Rd8 Rf6 65. Bb5 Rb6 66.
a4 a6 67. Kc5 Rf6 68. Bc4 Rc7+ 69. Kb4 Rb6+ 70. Ka5 Rxc4 $1 71. Kxb6 Rxa4 72.
b3 Ra1 73. Kc5 d3 74. Re8+ Kd2 75. Kd4 Rh1 {2.58-2.52} 0-1

[Event "Tilburg"]
[Site "Tilburg"]
[Date "1990.09.16"]
[Round "8"]
[White "Gelfand, Boris"]
[Black "Kamsky, Gata"]
[Result "1/2-1/2"]
[WhiteElo "2680"]
[BlackElo "2650"]
[Annotator "Ftacnik,L"]
[PlyCount "71"]
[EventDate "1990.09.??"]
[EventType "tourn"]
[EventRounds "14"]
[EventCountry "NED"]
[EventCategory "16"]
[SourceTitle "CBM 020"]
[Source "ChessBase"]
[SourceDate "1991.02.01"]
[SourceVersion "1"]
[SourceVersionDate "1991.02.01"]
[SourceQuality "1"]

1. d4 Nf6 2. c4 g6 3. Nc3 d5 4. cxd5 Nxd5 5. e4 Nxc3 6. bxc3 Bg7 7. Nf3 c5 8.
Rb1 O-O 9. Be2 cxd4 10. cxd4 Qa5+ 11. Bd2 Qxa2 12. O-O Qe6 13. Qc2 Qc6 (13...
Qd6 14. Bb4 $1 Qd8 15. d5 Bg4 16. Rfc1 Na6 $2 (16... Bxf3) 17. Ba3 Bxf3 18.
gxf3 Qd7 19. Bxa6 bxa6 20. Qc7 $1 Qh3 21. Qg3 Qxg3+ 22. hxg3 $18 {Gelfand,
B-Kindermann,S/Dortmund/1990/ ->CBM 18}) 14. Qd3 Qd6 15. Bb4 (15. d5 Na6 16.
Qe3 Nc5 17. Bb4 b6 18. Rfc1 $13 {Komarov-Tseshkovsky/Warszawa/1989/}) 15... Qd8
16. Qa3 Nc6 17. Bc5 Bxd4 $1 18. Nxd4 Nxd4 19. Bxe7 Nxe2+ 20. Kh1 Qe8 21. Bxf8
Qxf8 22. Qe3 a5 $1 23. Qxe2 a4 (23... b5 $5 24. Qxb5 Ba6 $10) 24. Rb5 Qe7 25.
Ra1 Be6 26. e5 (26. Qb2 a3) 26... a3 27. Qf3 a2 28. Qxb7 Qd8 $1 29. h3 Rc8 30.
Rb2 Qg5 31. Rbxa2 Rc1+ 32. Rxc1 Qxc1+ 33. Kh2 Bxa2 34. Qa8+ Kg7 35. Qxa2 Qf4+
36. g3 {Ftacnik,L} 1/2-1/2

[Event "Tilburg"]
[Site "Tilburg"]
[Date "1990.09.17"]
[Round "9"]
[White "Short, Nigel D"]
[Black "Kamsky, Gata"]
[Result "1-0"]
[WhiteElo "2610"]
[BlackElo "2650"]
[Annotator "King,D"]
[PlyCount "99"]
[EventDate "1990.09.??"]
[EventType "tourn"]
[EventRounds "14"]
[EventCountry "NED"]
[EventCategory "16"]
[SourceTitle "CBM 020"]
[Source "ChessBase"]
[SourceDate "1991.02.01"]
[SourceVersion "1"]
[SourceVersionDate "1991.02.01"]
[SourceQuality "1"]

1. e4 c6 2. d4 d5 3. e5 Bf5 4. c3 e6 5. Be2 Be7 6. Nf3 g5 {A dubious plan
which Short convincingly refutes.} 7. O-O h5 8. Be3 Nd7 9. a4 g4 10. Ne1 Bg5
11. Nd3 Nh6 12. Nd2 h4 13. Qc1 Rg8 14. Nb3 Bxd3 15. Bxd3 a5 16. f4 gxf3 17.
Rxf3 b6 18. Bxg5 Qxg5 19. Qxg5 Rxg5 20. Rh3 Ke7 21. Rxh4 Ng4 22. Re1 Rag8 23.
g3 c5 24. Nd2 c4 25. Bc2 f5 26. exf6+ Ngxf6 27. Nf3 Rh5 28. Rxh5 Nxh5 29. Kf2
Kd6 30. Ne5 Ndf6 31. Bd1 Ng7 32. g4 Rb8 33. Bf3 b5 34. axb5 Rxb5 35. Re2 a4 36.
h4 a3 37. bxa3 Rb3 38. Rc2 Rxa3 39. h5 Nh7 40. Kg3 Ke7 41. Rb2 Rb3 42. Ra2 Rb7
43. Kf4 Ne8 44. g5 Nd6 45. g6 Nf6 46. h6 Kf8 47. Ra8+ Nde8 48. Ng4 Nxg4 49.
Bxg4 Re7 50. Ke5 {2.03-2.00} 1-0

[Event "Tilburg"]
[Site "Tilburg"]
[Date "1990.09.21"]
[Round "12"]
[White "Kamsky, Gata"]
[Black "Timman, Jan H"]
[Result "0-1"]
[WhiteElo "2650"]
[BlackElo "2660"]
[Annotator "Schussler,H"]
[PlyCount "92"]
[EventDate "1990.09.??"]
[EventType "tourn"]
[EventRounds "14"]
[EventCountry "NED"]
[EventCategory "16"]
[SourceTitle "CBM 020"]
[Source "ChessBase"]
[SourceDate "1991.02.01"]
[SourceVersion "1"]
[SourceVersionDate "1991.02.01"]
[SourceQuality "1"]

1. e4 e5 2. Nf3 Nc6 3. Bb5 a6 4. Ba4 Nf6 5. O-O Be7 6. Re1 b5 7. Bb3 d6 8. c3
O-O 9. h3 Bb7 10. d3 {A passive line, not causing Black any problems.} Na5 11.
Bc2 c5 12. Nbd2 Re8 13. Nf1 Bf8 14. Ng3 $6 d5 $1 15. exd5 $6 Qxd5 $15 16. Bg5
Qc6 17. Nf5 h6 18. Bd2 e4 19. dxe4 Nxe4 20. a4 b4 21. cxb4 Nc4 22. Bc3 cxb4 23.
Bd4 Rad8 24. Rc1 Nxb2 $1 $19 25. Bxe4 Rxe4 26. Qb3 Rxe1+ 27. Rxe1 Nc4 28. Ne7+
Bxe7 29. Rxe7 Rxd4 30. Rxb7 Qxb7 31. Nxd4 Qd5 32. Nf3 a5 33. h4 Qe4 34. Qd1 Ne5
35. Nxe5 Qxe5 36. h5 Qb8 37. Qb3 Qd6 38. Qf3 Qb8 39. Qb3 Qb7 40. g3 Qe4 41. Qd1
Kh7 42. Kh2 Qc4 43. Qb1+ Kg8 44. Qd1 b3 45. Qd8+ Kh7 46. Qxa5 Qc2 {2.18-2.08}
0-1

[Event "Tilburg"]
[Site "Tilburg"]
[Date "1990.09.22"]
[Round "13"]
[White "Kamsky, Gata"]
[Black "Andersson, Ulf"]
[Result "1/2-1/2"]
[WhiteElo "2650"]
[BlackElo "2630"]
[Annotator "Boensch,U"]
[PlyCount "122"]
[EventDate "1990.09.??"]
[EventType "tourn"]
[EventRounds "14"]
[EventCountry "NED"]
[EventCategory "16"]
[SourceTitle "CBM 020"]
[Source "ChessBase"]
[SourceDate "1991.02.01"]
[SourceVersion "1"]
[SourceVersionDate "1991.02.01"]
[SourceQuality "1"]

1. e4 {Bönsch} c5 2. Nf3 a6 3. c4 (3. c3 d5 4. exd5 Nf6 5. d4 cxd4 6. Qxd4 Nxd5
7. Bc4 e6 8. Bg5 f6 9. Bh4 Nc6 10. Qd2 b5 11. Bb3 Bb7 12. O-O Na5 13. Re1 Qd7
14. Bg3 Nxb3 15. axb3 Be7 16. Qe2 e5 $15 {Ochoa de Echaguen - Romero Holmes,
Leon 1990}) 3... d6 4. d4 cxd4 (4... Bg4 $5) 5. Nxd4 g6 (5... Nf6 6. Nc3 Nbd7
7. Be2 b6 8. Be3 Bb7 9. f3 e6 10. O-O Be7 $14 {- A31}) 6. Nc3 Bg7 7. Be2 Nf6 8.
O-O O-O 9. Be3 Nc6 10. Qd2 Nxd4 11. Bxd4 Be6 12. f3 Qa5 13. Rad1 (13. Rfd1 Rfc8
14. b3 (14. Rac1 Bxc4 $2 15. Nd5 Qxd2 16. Nxe7+ Kf8 17. Rxd2 Kxe7 18. Rxc4 $14
{^^}) 14... b5 $2 (14... Nd7 $10) 15. cxb5 axb5 16. Nxb5 $18) 13... Rfc8 14. b3
b5 15. f4 bxc4 16. f5 Nxe4 $1 (16... Bd7 17. Bxc4 $16) 17. Nxe4 Qxd2 18. Rxd2
Bxf5 19. Bxg7 Kxg7 $13 20. Ng5 f6 21. Nf3 Be6 22. Nd4 Bf7 23. Bf3 d5 24. bxc4
Rxc4 25. Bg4 f5 26. Bxf5 $1 (26. Bf3 e5 27. Nb3 (27. Nxf5+ gxf5 28. Bxd5 Bxd5 (
28... Rd8 $4 29. Bxf7 $18) 29. Rxd5 Kf6 $17) 27... e4 $15) 26... gxf5 27. Nxf5+
Kh8 28. Nxe7 $14 Be6 29. Rf6 Re4 30. Nc6 Kg7 31. Rf3 Rf8 32. Rg3+ Kh6 33. h3
Rf6 34. Nd4 Bf7 35. Kh2 Bg6 36. Rb3 Re7 37. g4 Be4 38. Re2 Ref7 39. Kg3 Kg6 40.
Reb2 h6 41. a4 h5 $1 42. Rb6 hxg4 43. hxg4 a5 44. Rxf6+ Rxf6 45. Rb5 Rf1 46.
Rxa5 Kg5 47. Ne6+ Kf6 48. Nc5 Rg1+ 49. Kf4 Rf1+ 50. Ke3 Ke5 51. Nxe4 Re1+ 52.
Kf3 Rxe4 53. Ra8 Rf4+ 54. Kg3 Rb4 55. a5 Ra4 56. Kh4 d4 57. a6 d3 58. Kh5 Ke4
59. a7 d2 60. Re8+ Kf4 61. Rd8 Ke3 $1 $10 1/2-1/2

[Event "Tilburg"]
[Site "Tilburg"]
[Date "1990.09.24"]
[Round "14"]
[White "Seirawan, Yasser"]
[Black "Kamsky, Gata"]
[Result "1/2-1/2"]
[WhiteElo "2635"]
[BlackElo "2650"]
[Annotator "Ribli,Z"]
[PlyCount "116"]
[EventDate "1990.09.??"]
[EventType "tourn"]
[EventRounds "14"]
[EventCountry "NED"]
[EventCategory "16"]
[SourceTitle "CBM 020"]
[Source "ChessBase"]
[SourceDate "1991.02.01"]
[SourceVersion "1"]
[SourceVersionDate "1991.02.01"]
[SourceQuality "1"]

1. c4 e5 2. g3 Nc6 3. Nc3 g6 4. Bg2 Bg7 5. Rb1 a5 6. a3 f5 7. d3 Nf6 8. b4 axb4
9. axb4 O-O 10. b5 Ne7 (10... Nd4 11. e3 Ne6 12. Nge2 Nh5 13. f4 $14 {
Polugaevsky-Nikitin URS ch 1969}) 11. Nf3 d6 12. O-O h6 13. Qb3 Be6 14. Ba3 g5
15. Ne1 Rb8 16. Nc2 b6 17. Nb4 Rc8 18. Ra1 f4 19. Nc6 Qe8 20. Nxe7+ Qxe7 21.
Bb4 Qf7 22. Ne4 Nxe4 23. Bxe4 Qh5 24. Ra2 Kh8 25. Rfa1 Bf5 26. Be1 Bxe4 27.
dxe4 g4 28. Qd3 Qh3 29. Ra3 Qh5 30. Ra7 f3 31. e3 Bf6 32. Bc3 Qh3 33. Qf1 Qxf1+
34. Kxf1 Kg7 35. Ke1 Kf7 36. Kd2 Ke6 37. Kd3 h5 38. Rb7 h4 39. Raa7 hxg3 40.
hxg3 Bd8 41. Ra1 Rh8 42. Rba7 Bg5 43. Rf1 Rh2 44. Bb4 Kd7 45. Bc3 Bf6 46. Bd2
Rch8 47. Raa1 Kc8 48. Bb4 Kb7 49. Bc3 Ra8 50. Rxa8 Kxa8 51. Bd2 Kb7 52. Bb4 Kc8
53. Bd2 Kd7 54. Bc3 c6 55. Bb4 cxb5 56. cxb5 Be7 57. Kc3 Ke6 58. Kc4 Bg5
1/2-1/2

[Event "Reggio Emilia Top16 33rd"]
[Site "Reggio Emilia"]
[Date "1991.??.??"]
[Round "?"]
[White "Ehlvest, Jaan"]
[Black "Kamsky, Gata"]
[Result "1/2-1/2"]
[WhiteElo "2650"]
[BlackElo "2640"]
[Annotator "Ribli,Z"]
[PlyCount "85"]
[EventDate "1991.01.??"]
[EventType "tourn"]
[EventRounds "14"]
[EventCountry "ITA"]
[EventCategory "16"]
[SourceTitle "CBM 022"]
[Source "ChessBase"]
[SourceDate "1991.06.01"]
[SourceVersion "1"]
[SourceVersionDate "1991.06.01"]
[SourceQuality "1"]

1. Nf3 Nf6 2. c4 c5 3. Nc3 Nc6 4. g3 g6 5. Bg2 Bg7 6. O-O O-O 7. d4 cxd4 8.
Nxd4 Nxd4 9. Qxd4 d6 10. Qd3 Bf5 11. e4 Be6 12. Bd2 a6 13. b3 Rb8 14. Rac1 Qd7
15. Nd5 $5 b5 (15... Nxd5 16. cxd5 Bh3 17. Bxh3 Qxh3 18. Rc7 $14) 16. Rfe1 Rb7
17. Qf1 Ng4 18. h3 Bxd5 19. cxd5 Nf6 20. Rc6 Ra8 21. Rec1 (21. Ba5 $5 $14)
21... Qd8 22. f4 Rbb8 23. Kh2 a5 24. R1c2 b4 25. Qe2 Qd7 26. Be1 (26. Qc4 $5)
26... a4 27. Qc4 axb3 28. axb3 Ra1 29. Rc7 Qb5 30. Qxb5 Rxb5 31. Bf2 Bf8 32.
Bd4 Ra8 33. Bb2 Ne8 34. Rc8 Rbb8 35. Rxb8 Rxb8 36. Rc4 Bg7 37. e5 dxe5 38. fxe5
f6 $1 39. exf6 Bxf6 40. Bxf6 Nxf6 41. Kg1 Rb5 42. Kf2 Nxd5 43. Bxd5+ 1/2-1/2

[Event "Reggio Emilia Top16 33rd"]
[Site "Reggio Emilia"]
[Date "1991.??.??"]
[Round "?"]
[White "Kamsky, Gata"]
[Black "Karpov, Anatoly"]
[Result "1/2-1/2"]
[WhiteElo "2640"]
[BlackElo "2725"]
[Annotator "Ribli,Z"]
[PlyCount "123"]
[EventDate "1991.01.??"]
[EventType "tourn"]
[EventRounds "14"]
[EventCountry "ITA"]
[EventCategory "16"]
[SourceTitle "CBM 022"]
[Source "ChessBase"]
[SourceDate "1991.06.01"]
[SourceVersion "1"]
[SourceVersionDate "1991.06.01"]
[SourceQuality "1"]

1. Nf3 Nf6 2. c4 e6 3. Nc3 Bb4 4. Qc2 c5 5. a3 Ba5 6. g3 O-O 7. Bg2 Nc6 8. O-O
d6 9. d3 (9. b3 e5 10. Bb2 Bg4 11. e3 Qd7 12. Ng5 {Wojtkiewicz,A-Romanischin,O
Debrecen 1990 CBM/20}) 9... h6 (9... Qe7 10. Bd2 Rd8 11. Qa4 Bd7 12. Rab1 Be8
13. Rfc1 h6 {Dzindzichasvili,R-Salov,V Manila izt 1990 CBM/19 49/17}) 10. Rb1
e5 11. e3 Be6 12. Na2 $1 Qd7 13. b4 Bd8 14. Nc3 Rc8 15. bxc5 dxc5 16. e4 Bg4
17. Nd5 Bxf3 18. Bxf3 Nxd5 19. exd5 Nd4 20. Qd1 Ba5 (20... Re8 21. Be3) 21. Bb2
a6 22. Bg2 Rfe8 23. Qh5 {/\ Bh3} Rc7 24. f4 exf4 $2 25. Bxd4 cxd4 26. d6 $1
Qxd6 27. Qxa5 fxg3 28. hxg3 (28. Qd5 $5 gxh2+ 29. Kh1 Qxd5 30. Bxd5) 28... Re3
29. Qd5 Qxd5 30. Bxd5 Rxg3+ 31. Kh2 Rxd3 32. Rxf7 Rxf7 33. Rf1 (33. Rxb7 Rdf3
34. c5 d3 35. c6 d2 36. c7 d1=Q 37. c8=Q+ Kh7 38. Be4+ g6) 33... b5 $1 34. Rxf7
Rc3 $1 35. Rf4+ Kh8 36. Rxd4 g5 $1 37. Bb7 bxc4 38. Bxa6 Rxa3 39. Bxc4 Rf3 40.
Rd7 Rf4 41. Bd3 Kg8 42. Kg3 Kf8 43. Rd6 h5 44. Rd7 Ke8 45. Bb5 Rb4 46. Rd5+ Ke7
47. Be2 h4+ 48. Kh3 Kf6 49. Rd3 Kf5 50. Ra3 Rd4 51. Ra8 Kf4 52. Rf8+ Ke5 53.
Bf3 Rb4 54. Ra8 Rd4 55. Ra3 Kf4 56. Bh5 Ke5 57. Bg6 Kf6 58. Bh7 Rf4 59. Re3 Kg7
60. Bd3 Kf6 61. Ba6 Kg6 62. Be2 1/2-1/2

[Event "Reggio Emilia Top16 33rd"]
[Site "Reggio Emilia"]
[Date "1991.??.??"]
[Round "?"]
[White "Kamsky, Gata"]
[Black "Polugaevsky, Lev"]
[Result "0-1"]
[WhiteElo "2640"]
[BlackElo "2610"]
[PlyCount "154"]
[EventDate "1991.01.??"]
[EventType "tourn"]
[EventRounds "14"]
[EventCountry "ITA"]
[EventCategory "16"]
[SourceTitle "CBM 022"]
[Source "ChessBase"]
[SourceDate "1991.06.01"]
[SourceVersion "1"]
[SourceVersionDate "1991.06.01"]
[SourceQuality "1"]

1. e4 c5 2. Nf3 d6 3. d4 cxd4 4. Nxd4 Nf6 5. Nc3 a6 6. g3 e6 7. Bg2 Be7 8. O-O
O-O 9. a4 Nc6 10. Nb3 Na5 11. Nxa5 Qxa5 12. g4 Nd7 13. Bd2 Qc7 14. Kh1 Rb8 15.
f4 b5 16. axb5 axb5 17. g5 Re8 18. Ne2 Bb7 19. Ng3 Bf8 20. Ba5 Qc8 21. Bc3 Nc5
22. Bd4 e5 23. Be3 exf4 24. Rxf4 Re5 25. Rg4 Qe6 26. Bd4 Nxe4 27. Nxe4 Rxe4 28.
Bxe4 Bxe4+ 29. Kg1 Bxc2 30. Qf3 d5 31. Rh4 Be4 32. Qg4 Bf5 33. Qg2 Rc8 34. Rf4
Bd6 35. Qf3 Be4 36. Qg4 Bxf4 37. Qxf4 h6 38. gxh6 Qg6+ 39. Qg3 Qxh6 40. Be3 Qf6
41. Qf2 Qxf2+ 42. Bxf2 Rc2 43. b4 Rb2 44. Ra8+ Kh7 45. Bc5 Rg2+ 46. Kf1 Rxh2
47. Rb8 Bd3+ 48. Kg1 Re2 49. Rb6 Bc4 50. Rd6 f6 51. Rd7 Re4 52. Kf2 Re8 53. Bd4
Kg6 54. Kg3 Re4 55. Bc5 f5 56. Bf8 Rg4+ 57. Kf3 Kh7 58. Bc5 Kh6 59. Bf8 d4 60.
Bc5 d3 61. Be3+ Kh7 62. Bd2 Kg8 63. Bc3 Kf8 64. Kf2 g5 65. Bf6 Ke8 66. Rd6 Kf7
67. Bc3 f4 68. Rd8 Rh4 69. Rd6 Rh2+ 70. Kf3 Rc2 71. Be1 Re2 72. Bc3 Re6 73. Rd8
Ke7 74. Rd4 Rd6 75. Re4+ Kd7 76. Re5 d2 77. Bxd2 Rxd2 0-1

[Event "Reggio Emilia Top16 33rd"]
[Site "Reggio Emilia"]
[Date "1991.??.??"]
[Round "?"]
[White "Karpov, Anatoly"]
[Black "Kamsky, Gata"]
[Result "1-0"]
[WhiteElo "2725"]
[BlackElo "2640"]
[Annotator "Schussler,H"]
[PlyCount "141"]
[EventDate "1991.01.??"]
[EventType "tourn"]
[EventRounds "14"]
[EventCountry "ITA"]
[EventCategory "16"]
[SourceTitle "CBM 022"]
[Source "ChessBase"]
[SourceDate "1991.06.01"]
[SourceVersion "1"]
[SourceVersionDate "1991.06.01"]
[SourceQuality "1"]

1. c4 Nf6 2. Nc3 e6 3. Nf3 b6 4. g3 Bb7 5. Bg2 Be7 6. d4 Ne4 7. Bd2 d6 8. d5
Nxd2 9. Nxd2 (9. Qxd2 e5 10. h4 $5 Nd7 11. e4 Nf6 12. Bh3 {12.h5!?} g6 13. Nh2
Bf8 14. O-O Bg7 {Karpov,An-Ehlvest,J, Reggio Top 16 1991 - game 22/690.}) 9...
e5 10. e4 Nd7 11. h4 h5 12. b4 g6 13. Bh3 a6 14. Nb3 $14 Nf6 15. Qe2 Bf8 16. a4
Bh6 17. a5 O-O 18. O-O Bc8 19. Bg2 Rb8 20. b5 Ng4 21. axb6 cxb6 22. bxa6 f5 23.
exf5 gxf5 24. Ra3 Ra8 25. a7 Rf7 26. Nb5 Qf6 27. Na1 f4 28. Nc2 Rg7 29. Nb4 Bb7
30. Rd3 Rf8 31. Nc3 Qd8 32. Ne4 Qc7 33. Ra3 Ba8 34. Nc6 Kh8 35. Rfa1 Rgf7 36.
Kh1 Rg7 37. Rb3 Rgf7 38. Raa3 Kg8 39. Qe1 Kh8 40. Kg1 Rf5 41. Qb4 fxg3 42. fxg3
Bc1 43. Ra1 Be3+ 44. Kh1 Nf2+ 45. Nxf2 Bc5 46. Qd2 Rxf2 47. Qh6+ Qh7 48. Qxh7+
Kxh7 49. Rbb1 Rg8 50. Rf1 Rxg3 51. Rxf2 Bxf2 52. Rf1 Bc5 53. Rf8 Rg8 54. Be4+
Kg7 55. Rf5 Rh8 56. Bf3 Bf2 57. Bxh5 Bxh4 58. Rf7+ Kh6 59. Be2 Kg5 60. Kg2 Rg8
61. Ne7 Re8 62. Rf5+ Kh6 63. Rh5+ Kg7 64. Nf5+ Kf6 65. Nxh4 Re7 66. Rf5+ Kg7
67. Rg5+ Kf6 68. Rg6+ Kf7 69. Rxd6 Rxa7 70. Rxb6 Ra2 71. Kf2 1-0

[Event "Reggio Emilia Top16 33rd"]
[Site "Reggio Emilia"]
[Date "1991.??.??"]
[Round "?"]
[White "Polugaevsky, Lev"]
[Black "Kamsky, Gata"]
[Result "1/2-1/2"]
[WhiteElo "2610"]
[BlackElo "2640"]
[PlyCount "57"]
[EventDate "1991.01.??"]
[EventType "tourn"]
[EventRounds "14"]
[EventCountry "ITA"]
[EventCategory "16"]
[SourceTitle "CBM 022"]
[Source "ChessBase"]
[SourceDate "1991.06.01"]
[SourceVersion "1"]
[SourceVersionDate "1991.06.01"]
[SourceQuality "1"]

1. d4 d5 2. c4 e6 3. Nf3 Nf6 4. Nc3 Nbd7 5. cxd5 exd5 6. Bf4 c6 7. e3 Be7 8. h3
Ne4 9. Bd3 Nxc3 10. bxc3 c5 11. O-O O-O 12. Qc2 Nf6 13. dxc5 Bxc5 14. Rfd1 Qe7
15. Be5 h6 16. c4 dxc4 17. Qxc4 Nd7 18. Bb2 Ba3 19. Bxa3 Qxa3 20. Rac1 Nf6 21.
Nd4 Bd7 22. Qb3 Qxb3 23. axb3 Rac8 24. Nf5 Bxf5 25. Bxf5 Rxc1 26. Rxc1 Rd8 27.
Kf1 g6 28. Bc8 Rd3 29. Bxb7 1/2-1/2

[Event "Reggio Emilia Top16 33rd"]
[Site "Reggio Emilia"]
[Date "1991.??.??"]
[Round "?"]
[White "Ribli, Zoltan"]
[Black "Kamsky, Gata"]
[Result "1/2-1/2"]
[WhiteElo "2595"]
[BlackElo "2640"]
[Annotator "Ribli,Z"]
[PlyCount "45"]
[EventDate "1991.01.??"]
[EventType "tourn"]
[EventRounds "14"]
[EventCountry "ITA"]
[EventCategory "16"]
[SourceTitle "CBM 022"]
[Source "ChessBase"]
[SourceDate "1991.06.01"]
[SourceVersion "1"]
[SourceVersionDate "1991.06.01"]
[SourceQuality "1"]

1. Nf3 Nf6 2. c4 g6 3. Nc3 c6 4. d4 Bg7 5. e4 d5 6. e5 Ne4 7. Bd3 Nxc3 8. bxc3
O-O 9. cxd5 cxd5 10. h3 (10. h4 $5 $36) 10... Nd7 11. O-O Nb6 12. a4 Qc7 13. a5
Nc4 14. Qa4 Bd7 15. Qb4 Rfe8 16. Nd2 b5 17. axb6 Nxb6 18. Nb3 Bf5 19. Ba6 $1
Nd7 20. Qa5 Qc6 21. Ba3 Rab8 22. Nc5 h5 23. Rfe1 $14 1/2-1/2